Music Quiz

Random Music Quiz

Cold Desert Lyrics Quiz Stats

 Plays Quiz not verified by Sporcle

Challenge
Share
Tweet
Embed
Score 0/22 Timer 12:00
0 Plays Today
% Correct
I'm on the corner
100%
waiting for the light to come on
100%
thats when I know that you're alone
100%
its cold in the desert
100%
water never sees the ground
100%
special unspoken without a sound
100%
Hand over your heart, lets go home
100%
Told me you loved me
100%
i've always been known to cross lines
100%
that I'd never die alone
100%
I never ever cried when I was feeling down
100%
% Correct
I've always been scared of the sound
100%
I'm too young to feel this old
100%
Here's to you,
100%
Heres to me
100%
Nobody but me
100%
Nobody sees
100%
Nobody knows
100%
no one ever carried my load
50%
Jesus doesn't love me
50%
Everyone noticed, everyone has seen the signs
0%
On to us
0%

You're not logged in!

Compare scores with friends on all Sporcle quizzes.
OR
Log In

You Might Also Like...

Show Comments

Extras

Created Feb 16, 2011ReportNominate
Tags:cold, desert

Top Quizzes Today


Score Distribution

Your Account Isn't Verified!

In order to create a playlist on Sporcle, you need to verify the email address you used during registration. Go to your Sporcle Settings to finish the process.

Report this User

Report this user for behavior that violates our Community Guidelines.

Details: